000 00717nam a2200193Ii 4500
003 JO-AjNU
008 230605s9999||||xx |||||||||||||| ||und||
040 _aJO-AjNU
_bara
_erda
_cJO-AjNU
041 _aara
050 1 4 _aHV41 .K422
100 3 _aخاطر، أحمد ,
_eauthor
_938335
245 0 0 _aمقدمة في ادارة المؤسسات الاجتماعية
264 3 1 _aالاسكندرية: المكتب الجامعي الحديث
300 _a158ص
_bيحتوي على ببلوغرافية من 157-158ص
336 _atext
_btxt
_2rdacontent
337 _aunmediated
_bn
_2rdamedia
338 _avolume
_bnc
_2rdacarrier
650 4 _aالخدمة الاجتماعية - تنظيم وادارة
_938336
999 _aA16097
_c19665
_d19665